Mario Kart World Tracks - Statistics

General Stats
  • This quiz has been taken 129 times
  • The average score is 25 of 32
Answer Stats
Last Remade Track Cup % Correct
Switch 2 Crown City Mushroom Cup
91%
Switch 2 Crown City Shell Cup
91%
Switch 2 Mario Bro's. Circuit Mushroom Cup
89%
Switch 2 Rainbow Road Special Cup
89%
Switch 2 DK Spaceport Mushroom Cup
86%
SNES Mario Circuit Special Cup
86%
3DS Shy Guy Bazaar Flower Cup
86%
N64 Wario Stadium Flower Cup
86%
Switch 2 Bowser's Castle Lightning Cup
85%
Wii Moo Moo Meadows Lightning Cup
85%
Phone/Switch 1 Sky-High Sundae Star Cup
85%
Wii Toad's Factory Lightning Cup
83%
DS Airship Fortress Flower Cup
82%
DS DK Pass Star Cup
82%
SNES Koopa Troopa Beach Shell Cup
82%
3DS Wario Shipyard Star Cup
82%
Switch 2 Boo Cinema Leaf Cup
80%
Switch 2 Peach Stadium Shell Cup
80%
Switch 2 Peach Stadium Special Cup
80%
DS Desert Hills Flower Cup
78%
GCN Dino Dino Jungle Banana Cup
78%
GCN Peach Beach Banana Cup
78%
N64 Choco Mountain Lightning Cup
77%
Switch 2 Whistlestop Summit Mushroom Cup
77%
Switch 2 Acorn Heights Special Cup
75%
Switch 2 Dry Bones Burnout Leaf Cup
71%
Switch 2 Starview Peak Star Cup
71%
Switch 2 Faraway Oasis Shell Cup
68%
Switch 2 Cheep Cheep Falls Leaf Cup
63%
Switch 2 Dandelion Depths Leaf Cup
63%
Switch 2 Great ? Block Ruins Banana Cup
63%
Switch 2 Salty Salty Speedway Banana Cup
63%
No matching quizzes found
Score Distribution
Percent of People with Each Score
Percentile by Number Answered
Your Score History
You have not taken this quiz